Christliches Abendland: historische Perspektiven auf einen politisierten Begriff
| Main Author: | |
|---|---|
| Format: | Electronic Article |
| Language: | German |
| Check availability: | HBZ Gateway |
| Interlibrary Loan: | Interlibrary Loan for the Fachinformationsdienste (Specialized Information Services in Germany) |
| Published: |
[2019]
|
| In: |
Lebendiges Zeugnis
Year: 2019, Volume: 74, Issue: 2, Pages: 3-11 |
| Standardized Subjects / Keyword chains: | B
Europe
/ Abendland (Concept of)
/ Christianity
/ Middle Ages
/ Idealization
/ History 1799-2019
|
| Online Access: |
Volltext (kostenfrei) Volltext (kostenfrei) |
| Parallel Edition: | Non-electronic
|
MARC
| LEADER | 00000naa a2200000 c 4500 | ||
|---|---|---|---|
| 001 | 1928305644 | ||
| 003 | DE-627 | ||
| 005 | 20250616175635.0 | ||
| 007 | cr uuu---uuuuu | ||
| 008 | 250616s2019 xx |||||o 00| ||ger c | ||
| 035 | |a (DE-627)1928305644 | ||
| 035 | |a (DE-599)KXP1928305644 | ||
| 040 | |a DE-627 |b ger |c DE-627 |e rda | ||
| 041 | |a ger | ||
| 084 | |a 1 |2 ssgn | ||
| 100 | 1 | |e VerfasserIn |0 (DE-588)12123889X |0 (DE-627)519851730 |0 (DE-576)181706342 |4 aut |a Unterburger, Klaus |d 1971- | |
| 109 | |a Unterburger, Klaus 1971- |a Unterburger, Kl. 1971- |a Unterburger, K. 1971- | ||
| 245 | 1 | 0 | |a Christliches Abendland |b historische Perspektiven auf einen politisierten Begriff |c von Klaus Unterburger |
| 264 | 1 | |c [2019] | |
| 336 | |a Text |b txt |2 rdacontent | ||
| 337 | |a Computermedien |b c |2 rdamedia | ||
| 338 | |a Online-Ressource |b cr |2 rdacarrier | ||
| 601 | |a Perspektive | ||
| 601 | |a Begriff | ||
| 689 | 0 | 0 | |d g |0 (DE-588)4015701-5 |0 (DE-627)104289007 |0 (DE-576)208913092 |2 gnd |a Europa |
| 689 | 0 | 1 | |d g |0 (DE-588)4000080-1 |0 (DE-627)10640220X |0 (DE-576)208836853 |2 gnd |a Abendland |g Begriff |
| 689 | 0 | 2 | |d s |0 (DE-588)4010074-1 |0 (DE-627)104493933 |0 (DE-576)20888579X |2 gnd |a Christentum |
| 689 | 0 | 3 | |d s |0 (DE-588)4129108-6 |0 (DE-627)104535474 |0 (DE-576)209607793 |2 gnd |a Mittelalter |
| 689 | 0 | 4 | |d s |0 (DE-588)4231385-5 |0 (DE-627)104932953 |0 (DE-576)210355158 |2 gnd |a Idealisierung |
| 689 | 0 | 5 | |q z |2 gnd |a Geschichte 1799-2019 |
| 689 | 0 | |5 (DE-627) | |
| 773 | 0 | 8 | |i Enthalten in |t Lebendiges Zeugnis |d Paderborn : Bonifatiuswerk, 1946 |g 74(2019), 2, Seite 3-11 |h Online-Ressource |w (DE-627)33262692X |w (DE-600)2054346-3 |w (DE-576)477590411 |7 nnas |
| 773 | 1 | 8 | |g volume:74 |g year:2019 |g number:2 |g pages:3-11 |
| 776 | 0 | 8 | |i Erscheint auch als |n Druck-Ausgabe |a Unterburger, Klaus, 1971 - |t Christliches Abendland |d 2019 |w (DE-627)1681664976 |k Non-Electronic |
| 856 | 4 | 0 | |u http://hdl.handle.net/10900/127238 |x Resolving-System |x Digitalisierung |z kostenfrei |3 Volltext |7 0 |
| 856 | 4 | 0 | |u http://dx.doi.org/10.15496/publikation-68601 |x Resolving-System |x Digitalisierung |z kostenfrei |3 Volltext |7 0 |
| 951 | |a AR | ||
| ELC | |a 1 | ||
| OAS | |a 1 | ||
| ORI | |a SA-MARC-ixtheo_oa001.raw | ||
| REF | |a Mittelalterbegriff | ||
| REL | |a 1 | ||
| STA | 0 | 0 | |a Christianity,Christian world view,World view,Christian ideology,Europe,Europe,Europe,The West,Occident,Northeastern Europe,Idealization,Middle Ages,Middle Ages,Middle Ages in art |
| STB | 0 | 0 | |a Christianisme,Christianisme,Europe,Idéalisation,Moyen Âge,Moyen Âge |
| STC | 0 | 0 | |a Cristianismo,Cristianismo,Cristiandad,Cristiandad,Cristiandad (Motivo),Cristiandad,Edad Media,Edad Media,Europa,Idealización |
| STD | 0 | 0 | |a Cristianesimo,Cristianesimo,Europa,Idealizzazione,Medioevo,Medioevo |
| STE | 0 | 0 | |a 中世纪,中世纪,基督教,基督教,基督教世界观,理想化 |
| STF | 0 | 0 | |a 中世紀,中世紀,基督教,基督教,基督教世界觀,理想化 |
| STG | 0 | 0 | |a Cristianismo,Cristianismo,Cristandade,Cristandade,Cristandade (Motivo),Cristandade,Europa,Idade Média,Idade Média,Idealização |
| STH | 0 | 0 | |a Европа (мотив),Идеализация,Средневековье (мотив),Средневековье,Христианство (мотив),Христианство |
| STI | 0 | 0 | |a Εξιδανίκευση,Ευρώπη (μοτίβο),Μεσαίωνας (μοτίβο),Μεσαίωνας,Χριστιανισμός (μοτίβο),Χριστιανισμός |
| SUB | |a REL | ||
| SYG | 0 | 0 | |a Liberté,Europa III,Europe,Europäische Länder,Europäische Staaten , Abendland,Okzident , Christianity,Christliche Mission,Missionierung,Christenheit,Christianitas,Christliche Religion,Christliche Weltanschauung , Europa , Legendenbildung,Romantisierung,Überhöhung |
| TIM | |a 100017990101_100020191231 |b Geschichte 1799-2019 | ||